Responses for Show #5006 - Monday, May 22, 2006

Contestants

[<< previous game]

John Rivers, a lawyer from St. Simons Island, Georgia

Harvey Cormier, a professor originally from Houston, Texas

Dan McLeod, a student from Vancouver, British Columbia, Canada (whose 1-day cash winnings total $26,801)

[next game >>]

Jeopardy! Round responses

THE GOOD BOOK
CLASSIC TV QUOTES
(Alex: You have to identify the show for us.)
NATIONAL PARKS
EUROPEAN CUISINE
MOVIE TERMS
____ & ____
    $200 1
David

Harvey
    $200 2
The Beverly Hillbillies

Harvey
    $200 11
Yellowstone

John
    $200 24
Christmas

Harvey
    $200 16
sound

John
    $200 19
bells & whistles

Dan
    $400 6
Gilead

John
    $400 3
Welcome Back, Kotter

Harvey
    $400 12
Mammoth Cave

Triple Stumper
    $400 25
(Harvey: What's the Netherlands?)
(John: What is Holland?)

Belgium

DanHarveyJohn
    $400 17
legs

Harvey
    $400 20
(Harvey: What's pick & roll?)

give & go

Harvey
Triple Stumper
    $600 7
Seth

Dan
    $600 4
Mister Ed

Harvey
    $600 13
Death Valley

John
    $600 28
(Harvey: What's ouzo?)
(John: Anisette?)

retsina

HarveyJohn
Triple Stumper
    $600 18
the line

Dan
    $600 21
nuts & bolts

Harvey
    $800 8
Noah

John
    $800 5
The Honeymooners

Dan
    $800 14
the Blue Ridge Mountains

John
    $1,000 29
gazpacho

Harvey
    $800 22
(John: What are cels?)

the storyboard

HarveyJohn
    $800 26
(Alex: Yes, it used to be load & lock--makes more sense.)

lock & load

Harvey
    $1000 9
Lucifer

John
    $1000 10
Kung Fu

Dan
    $1000 15
Channel Islands National Park

Triple Stumper
    $1000 30
Pope John Paul II

Dan
    $1000 23
a martini

John
    $1000 27
the bridge & tunnel crowd

Harvey

Scores at the first commercial break (after clue 15):

Dan Harvey John
$2,400 $1,400 $3,800

Scores at the end of the Jeopardy! Round:

Dan Harvey John
$4,600 $4,800 $3,200

Double Jeopardy! Round responses

LAFAYETTE YOU ARE HERE
BEATLES RHYME TIME
SCIENCE GLOSSARY
SIBLING REVELRY
SATIRE
"SAR" CHASM
    $400 1
a mutiny

Dan
    $400 3
Ringo's dingos

Dan
    $400 8
absolute zero

Dan
    $400 19
Tommy Dorsey

John
    $400 26
Elmer Gantry

John
    $400 12
sardonic

Dan
    $800 2
fame

Harvey
    $800 4
(Harvey: What are...)

Paul's falls

Harvey
Triple Stumper
    $800 14
a levee

Dan
    $800 20
(Dan: What are paper towels?)

toilet paper

DanHarvey
    $800 27
Gargantua

Harvey
    $800 13
(John: What is a sari?)

a sarong

HarveyJohn
    $1200 9
Marie Antoinette

Dan
    $1200 5
(Dan: Uhhh... sorry.)

George's gorges

Dan
Triple Stumper
    $3,000 16
(Alex: Not the apology, the [*].)

the apogee

Harvey
    $1200 21
the Yeats

Dan
    $1200 28
John Bull

Harvey
    $1200 15
(Jean-Paul) Sartre

Harvey
    $4,000 10
(Dan: [Shakes head] ...What is Lafayetteville?)
(Alex: No, you added one syllable too many--What is [*]?)

Fayetteville

Dan
    $1600 6
(Alex: That's it, Stuart Sutcliffe.)

Stu's tattoos

Dan
    $1600 17
gametes

John
    $1600 22
H&R Block

Dan
    $1600 29
Satyricon

Harvey
    $1600 24
Sardinia

John
    $2000 11
Brandywine

Triple Stumper
    $2000 7
(Alex: Yes, Pete Best.)

Pete's cleats

Harvey
    $2000 18
(Alex: Warren Beatty many years ago starred in a film called The [*] View.)

parallax

Triple Stumper
    $2000 23
Shaka

Dan
    $2000 30
(Dan: What is Six Feet Under?)

The Loved One

DanHarvey
    $2000 25
the Saracens

Dan

Scores at the end of the Double Jeopardy! Round:

Dan Harvey John
$8,600 $18,200 $6,400
(lock game)

[wagering suggestions for these scores]

Final Jeopardy! Round responses

19th CENTURY AMERICA
(Alex: Let's drink to whoever gets it right.)
...
(Alex: No, McCormick's is [*] started in the mid-1800s.)
JohnWhat is a spice factory
$6,400
DanWhat is A mill?
$6,400
HarveyWhat is a restaurant?
$900
a distillery

Final scores:

Dan Harvey John
$2,200 $17,300 $0
2nd place: $2,000 New champion: $17,300 3rd place: $1,000

Game dynamics:

Coryat scores:

Dan Harvey John
$12,600 $16,200 $6,400
18 R,
4 W
(including 1 DD)
21 R
(including 2 DDs),
4 W
12 R,
4 W

Combined Coryat: $35,200

[game clues] [game scores] [suggest correction]

Game tape date: 2006-03-29
The J! Archive is created by fans, for fans. Scraping, republication, monetization, and malicious use prohibited; this site may use cookies and collect identifying information. See terms. The Jeopardy! game show and all elements thereof, including but not limited to copyright and trademark thereto, are the property of Jeopardy Productions, Inc. and are protected under law. This website is not affiliated with, sponsored by, or operated by Jeopardy Productions, Inc. Join the discussion at JBoard.tv.